| 000 | 01643nam0a2200325 4500 | ||
|---|---|---|---|
| 001 | RU\NLR\BIBL_A\022623780 | ||
| 005 | 20251215123508.0 | ||
| 010 |
_a978-5-98559-057-9 _9150 |
||
| 021 |
_aRU _bКН-П-25-044903 _9КН-П-25-4367 |
||
| 035 | _a(NLR Aleph) 022623780 | ||
| 090 |
_a13504742 _c13504742 |
||
| 100 | _a20250917d2025 k y0rusy50 ca | ||
| 101 | 0 | _arus | |
| 102 | _aRU | ||
| 105 | _aa z 000yy | ||
| 181 | 0 |
_ai3 _baxxe |
|
| 182 | 0 | _an | |
| 200 | 1 |
_aИсходный материал в селекции твердой яровой пшеницы для условий Западной Сибири _eмонография _fВ. С. Юсов, М. Г. Евдокимов _gМинистерство науки и высшего образования Российской Федерации, Федеральное государственное бюджетное научное учреждение "Омский аграрный научный центр" |
|
| 203 |
_aТекст _bвизуальный _cнепосредственный |
||
| 210 |
_aОмск _cОмский АНЦ _d2025 |
||
| 215 |
_a197 с. _cил., цв. ил., табл. _d21 |
||
| 320 | _aБиблиогр.: с. 171 (6 назв.) | ||
| 606 | 1 |
_aТвёрдая пшеница яровая _xСелекция _yСибирь Западная _92690560 _3RU\NLR\AUTH\6601763991 |
|
| 686 | 1 | _aП212.13-317(2Р53) | |
| 700 | 1 |
_aЮсов _bВ. С. _gВадим Станиславович |
|
| 701 | 1 |
_aЕвдокимов _bМ. Г. _f1949- _gМихаил Григорьевич |
|
| 942 | _cBOOK | ||
| 980 | _aNB | ||